|
|
|
|
| LEADER |
00000ny a22000003n 4500 |
| 005 |
20110621105254.0 |
| 008 |
980512s1997 sp s 000 0 spa c |
| 017 |
|
|
|a Z2239-199
|
| 020 |
|
|
|a 9788476984611
|
| 035 |
|
|
|a 1167
|
| 040 |
|
|
|a UMA.DER
|d vlex
|
| 080 |
|
|
|a 347.516
|
| 090 |
|
|
|c 1334
|d 1334
|
| 100 |
1 |
|
|a Gallego Domn̕guez, Ignacio
|
| 245 |
1 |
0 |
|a Responsabilidad civil extracontractual por daǫs causados por animales
|h [Recurso electrn̤ico]
|c Ignacio Gallego Domn̕guez ; prl̤ogo de Jos ̌Manuel Gonzl̀ez Porras
|
| 256 |
|
|
|a Servicio en ln̕ea
|
| 260 |
|
|
|a Barcelona :
|b Jos ̌Mara̕ Bosch Editor,
|c 1997
|
| 300 |
|
|
|a 334 p. ;
|c 24 cm
|
| 490 |
1 |
|
|a Biblioteca de derecho privado ;
|v 82
|
| 504 |
|
|
|a Bibliografa̕:p.315-323
|
| 506 |
1 |
|
|a Contenido solo disponible en los productos indicados
|d vLex Global
|d vLex Global (Academic Edition, excluding Law Schools)
|d vLex Global (U.S. Academic Edition, Law Schools)
|d vLex Global (U.S. Academic Edition, excluding Law Schools)
|d vLex Global (Academic Edition, Law Schools)
|
| 650 |
0 |
7 |
|a Civil
|2 Tesauro vLex
|
| 650 |
0 |
7 |
|a Responsabilidad civil
|2 Tesauro vLex
|
| 650 |
0 |
7 |
|a Responsabilidad extracontractual
|2 Tesauro vLex
|
| 650 |
0 |
7 |
|a Responsabilidad por daǫs de animales
|2 Tesauro vLex
|
| 650 |
0 |
7 |
|a Daǫs causados por animales
|2 Tesauro vLex
|
| 700 |
1 |
|
|a Gonzl̀ez Porras, Jos,̌
|e pr
|
| 740 |
0 |
|
|a vLex Libros (Servicios en ln̕ea)
|
| 830 |
|
0 |
|a Biblioteca de derecho privado (Jos ̌Manuel Bosch Editor)
|
| 856 |
4 |
0 |
|u http://vlex.com/source/1167
|z Acceso restringido
|
| 942 |
|
|
|c BOOK
|
| 999 |
0 |
4 |
|a Responsabilidad por hecho de los animales
|